[Event "11th Panam-ch (w)"]
[Site "Manzanillo MEX"]
[Date "2016.11.06"]
[Round "1.1"]
[White "Cori Tello, Deysi"]
[Black "Hernandez Moya, Yuleisy"]
[Result "1-0"]
[WhiteElo "2399"]
[BlackElo "2232"]
[EventDate "2016.11.06"]
[PlyCount "101"]

1.e4 e6 2.d4 d5 3.Nd2 dxe4 4.Nxe4 Nd7 5.Nf3 Ngf6 6.Bd3 Nxe4 7.Bxe4 Nf6 8.
Bd3 Be7 9.O-O O-O 10.Ne5 c5 11.dxc5 Bxc5 12.Qe2 Qc7 13.Bg5 Be7 14.c4 b6 
15.Rad1 g6 16.Bb1 Nh5 17.Bxe7 Qxe7 18.Be4 Rb8 19.Nc6 Qc7 20.Nxb8 Qxb8 21.
Qd2 Bb7 22.Rfe1 Qc7 23.Qd6 Rc8 24.b3 Qxd6 25.Rxd6 Bxe4 26.Rxe4 Nf6 27.Re5 
Kf8 28.h3 Ke7 29.Rd2 Rc7 30.Kf1 h6 31.Ke2 Nd7 32.Re3 Nc5 33.Kd1 f6 34.Rde2
e5 35.f4 Nd7 36.Rd3 Ke6 37.fxe5 Nxe5 38.Rd8 h5 39.Kd2 g5 40.Rf2 Rf7 41.
Re8+ Kd6 42.Ke3 Nd7 43.Rf5 Re7+ 44.Rxe7 Kxe7 45.h4 Ke6 46.Rd5 Ne5 47.hxg5 
fxg5 48.Ke4 Nf7 49.c5 bxc5 50.Rxc5 h4 51.Ra5 1-0

[Event "11th Panam-ch (w)"]
[Site "Manzanillo MEX"]
[Date "2016.11.06"]
[Round "1.2"]
[White "Roca Rojas, Ana Flavia"]
[Black "Lujan, Carolina"]
[Result "1/2-1/2"]
[WhiteElo "2218"]
[BlackElo "2386"]
[EventDate "2016.11.06"]
[PlyCount "34"]

1.e4 c5 2.Nf3 Nc6 3.Nc3 e5 4.Bc4 Be7 5.d3 d6 6.Nd2 Bg5 7.h4 Bxd2+ 8.Bxd2 
Nf6 9.Bg5 h6 10.Bxf6 Qxf6 11.Nd5 Qd8 12.Qd2 Be6 13.a4 O-O 14.f3 Ne7 15.
Nxe7+ Qxe7 16.Bxe6 Qxe6 17.c4 Qe7 1/2-1/2

[Event "11th Panam-ch (w)"]
[Site "Manzanillo MEX"]
[Date "2016.11.06"]
[Round "1.3"]
[White "Nemcova, Katerina"]
[Black "Frometa Castillo, Zirka"]
[Result "1/2-1/2"]
[WhiteElo "2379"]
[BlackElo "2123"]
[EventDate "2016.11.06"]
[PlyCount "118"]

1.e4 g6 2.d4 Bg7 3.Nc3 d6 4.f4 Nc6 5.Be3 e6 6.Nf3 Nf6 7.Qd2 O-O 8.O-O-O a6
9.h3 b5 10.e5 Nd5 11.Nxd5 exd5 12.g4 b4 13.Bd3 a5 14.Kb1 a4 15.Rdg1 b3 16.
a3 bxc2+ 17.Qxc2 Ba6 18.Rc1 Bxd3 19.Qxd3 Na5 20.h4 Nc4 21.Rh2 Rb8 22.Rc3 
Qd7 23.Rg2 Rb7 24.Bc1 Rfb8 25.Ka2 Rb3 26.h5 Rxc3 27.bxc3 Qb5 28.Nd2 Nxa3 
29.Qxb5 Nxb5 30.Nb1 dxe5 31.fxe5 f6 32.h6 Bf8 33.exf6 Kf7 34.g5 c5 35.Bf4 
Rb6 36.Rb2 cxd4 37.cxd4 Ke6 38.Re2+ Kf5 39.Rf2 Ke4 40.Be5 Nxd4 41.Bxd4 
Kxd4 42.Rf4+ Ke5 43.Rxa4 Kf5 44.Ra8 Bb4 45.f7 Kxg5 46.Nc3 Rf6 47.Nxd5 Rxf7
48.Nxb4 Kxh6 49.Kb2 g5 50.Kc2 g4 51.Rg8 Kh5 52.Nd3 Rf5 53.Kd2 Kh4 54.Ke3 
h5 55.Nf4 Ra5 56.Rh8 Ra3+ 57.Ke4 Ra4+ 58.Ke3 Ra3+ 59.Ke4 Ra4+ 1/2-1/2

[Event "11th Panam-ch (w)"]
[Site "Manzanillo MEX"]
[Date "2016.11.06"]
[Round "1.4"]
[White "Heredia Serrano, Carla"]
[Black "Arribas Robaina, Maritza"]
[Result "1/2-1/2"]
[WhiteElo "2103"]
[BlackElo "2334"]
[EventDate "2016.11.06"]
[PlyCount "95"]

1.e4 e6 2.d4 d5 3.Nc3 Nf6 4.Bg5 dxe4 5.Nxe4 Nbd7 6.Bd3 Be7 7.Bxf6 Nxf6 8.
Nf3 Nxe4 9.Bxe4 c5 10.dxc5 Qxd1+ 11.Rxd1 Bxc5 12.O-O f6 13.Rd2 Rb8 14.Rfd1
Ke7 15.c3 e5 16.Nh4 Be6 17.b4 Bb6 18.Nf5+ Bxf5 19.Bxf5 Rhd8 20.Rxd8 Rxd8 
21.Rxd8 Bxd8 22.Bxh7 a5 23.Kf1 axb4 24.cxb4 Kd6 25.Ke2 b5 26.Bd3 Kc6 27.
Be4+ Kd6 28.Bd3 Kc6 29.Bg6 Be7 30.a3 Bd6 31.Kd3 Bc7 32.Be8+ Kd5 33.f3 f5 
34.Bf7+ Kd6 35.g4 e4+ 36.fxe4 Ke7 37.Bh5 fxg4 38.Bxg4 Bxh2 39.Bc8 Kd6 40.
Ba6 Kc6 41.Kd4 Bg1+ 42.Ke5 Be3 43.Kf5 Bc1 44.e5 Bxa3 45.Kg6 Bxb4 46.Kxg7 
Bc3 47.Bxb5+ Kxb5 48.Kf6 1/2-1/2

[Event "11th Panam-ch (w)"]
[Site "Manzanillo MEX"]
[Date "2016.11.06"]
[Round "1.5"]
[White "Zhou, Qiyu"]
[Black "Fuentes Godoy, Lilia Ivonne"]
[Result "1-0"]
[WhiteElo "2312"]
[BlackElo "2099"]
[EventDate "2016.11.06"]
[PlyCount "95"]

1.e4 c5 2.Nf3 Nc6 3.d4 cxd4 4.Nxd4 e5 5.Nb5 d6 6.c4 Be7 7.Bd3 Be6 8.O-O 
Rc8 9.b3 a6 10.N5c3 Bg5 11.Bb2 Nge7 12.Nd2 Nd4 13.Ne2 Nxe2+ 14.Qxe2 Nc6 
15.Rad1 O-O 16.Nf3 Bg4 17.h3 Bxf3 18.Qxf3 Qc7 19.Bb1 Rfd8 20.g3 Bf6 21.Rd5
Rd7 22.h4 Nd8 23.Rfd1 Ne6 24.Bd3 Qc6 25.Bf1 Rcd8 26.Bh3 Rc7 27.Bxe6 fxe6 
28.R5d3 Qc5 29.Qg4 Re7 30.R1d2 g6 31.h5 Kg7 32.hxg6 hxg6 33.Kg2 b5 34.cxb5
axb5 35.Rd1 d5 36.Rf3 Qc2 37.Rxf6 Kxf6 38.Qf3+ Kg7 39.Bxe5+ Kg8 40.Rh1 Rg7
41.Bxg7 Kxg7 42.exd5 Rxd5 43.Qe3 Qc6 44.Qh6+ Kf7 45.Qh7+ Kf8 46.Qh8+ Ke7 
47.Rh7+ Kd6 48.Qf8+ 1-0

[Event "11th Panam-ch (w)"]
[Site "Manzanillo MEX"]
[Date "2016.11.06"]
[Round "1.6"]
[White "Nejanky, Maisa"]
[Black "Llaudy Pupo, Lisandra"]
[Result "0-1"]
[WhiteElo "2073"]
[BlackElo "2277"]
[EventDate "2016.11.06"]
[PlyCount "102"]

1.e4 c5 2.Nf3 a6 3.d4 cxd4 4.Nxd4 Nf6 5.Nc3 e5 6.Nf3 Bb4 7.Bd2 O-O 8.Bd3 
d6 9.a3 Bxc3 10.Bxc3 Nbd7 11.O-O Nc5 12.Qe1 b5 13.Ba5 Qe7 14.Nd2 Bb7 15.
Qe3 Rac8 16.Rac1 Bc6 17.Rfe1 Nfd7 18.Bf1 f5 19.exf5 Rxf5 20.c4 Rcf8 21.
cxb5 Bxb5 22.f3 Bxf1 23.Nxf1 Kh8 24.Ng3 R5f6 25.Red1 Rh6 26.Bc7 Qh4 27.Nf1
Nb7 28.Qa7 Ndc5 29.b4 Nb3 30.Rc3 Nd4 31.Qxa6 Nd8 32.Re3 Qg5 33.Qd3 N8e6 
34.Ng3 Nxc7 35.Re4 d5 36.Ree1 Nce6 37.b5 Nf4 38.Qe3 Qh4 39.Nf1 Qg5 40.Ng3 
Re6 41.a4 h5 42.Rd2 Nxf3+ 43.gxf3 h4 44.Kf2 hxg3+ 45.hxg3 Rg6 46.Rh1+ Kg8 
47.g4 e4 48.Qc5 Nd3+ 49.Rxd3 exd3 50.Rh5 Qd2+ 51.Kg3 Qf4+ 0-1

[Event "11th Panam-ch (w)"]
[Site "Manzanillo MEX"]
[Date "2016.11.06"]
[Round "1.7"]
[White "Amura, Claudia"]
[Black "Parkhurst Casas, Miriam"]
[Result "1/2-1/2"]
[WhiteElo "2271"]
[BlackElo "2013"]
[EventDate "2016.11.06"]
[PlyCount "55"]

1.d4 Nf6 2.g3 e6 3.Bg2 c5 4.c3 Nc6 5.Nf3 b6 6.O-O Bb7 7.a3 Be7 8.b4 Qc7 9.
Bf4 d6 10.bxc5 bxc5 11.dxc5 e5 12.cxd6 Bxd6 13.Bg5 Be7 14.Nbd2 Rd8 15.Qa4 
O-O 16.Rab1 Ba8 17.Bxf6 Bxf6 18.Ne4 Be7 19.Rb5 Rfe8 20.h4 Qd7 21.Qb3 Bf8 
22.Neg5 h6 23.Bh3 Qe7 24.Ne4 Qxa3 25.Qxa3 Bxa3 26.Ra1 Bf8 27.Nfd2 Ne7 28.
Rxa7 1/2-1/2

[Event "11th Panam-ch (w)"]
[Site "Manzanillo MEX"]
[Date "2016.11.06"]
[Round "1.8"]
[White "Besso, Guadalupe"]
[Black "Marrero Lopez, Yaniet"]
[Result "0-1"]
[WhiteElo "1987"]
[BlackElo "2249"]
[EventDate "2016.11.06"]
[PlyCount "97"]

1.d4 Nf6 2.c4 e6 3.Nc3 Bb4 4.e3 d5 5.Ne2 c6 6.a3 Bd6 7.cxd5 exd5 8.Ng3 O-O
9.Bd3 g6 10.Qc2 Re8 11.Bd2 a5 12.Na4 Nbd7 13.Ne2 Ne4 14.O-O Qh4 15.g3 Qh3 
16.Nf4 Bxf4 17.exf4 Ndf6 18.Bc3 Ng4 19.f3 Ne3 20.Qe2 Nxf1 21.Rxf1 Nd6 22.
Qf2 Bf5 23.Be2 b5 24.Nc5 Qh6 25.b3 b4 26.Bd2 bxa3 27.Ra1 Nb5 28.g4 Bc8 29.
Bxb5 cxb5 30.Rxa3 a4 31.bxa4 bxa4 32.f5 Qg7 33.fxg6 hxg6 34.Bf4 g5 35.Bd6 
Qg6 36.Be5 f6 37.Bg3 Qb1+ 38.Kg2 Qd1 39.Re3 Rxe3 40.Qxe3 Qc2+ 41.Bf2 Kf7 
42.Qa3 Ba6 43.Kg3 Bf1 44.Qb4 Rh8 45.Qa3 Ra8 46.Qb4 a3 47.Na6 a2 48.Qb7+ 
Kg6 49.Nb4 0-1

[Event "11th Panam-ch (w)"]
[Site "Manzanillo MEX"]
[Date "2016.11.07"]
[Round "2.1"]
[White "Marrero Lopez, Yaniet"]
[Black "Cori Tello, Deysi"]
[Result "0-1"]
[WhiteElo "2249"]
[BlackElo "2399"]
[EventDate "2016.11.06"]
[PlyCount "122"]

1.e4 e5 2.Nf3 Nf6 3.Nxe5 d6 4.Nf3 Nxe4 5.Nc3 Nxc3 6.dxc3 Be7 7.Be3 Nd7 8.
Qd2 Nf6 9.h3 c6 10.c4 O-O 11.Bd3 d5 12.O-O Ne4 13.Qd1 Nc5 14.Be2 Na4 15.
Rb1 dxc4 16.Qxd8 Rxd8 17.Bxc4 Nb6 18.Bb3 Nd5 19.Bg5 Bxg5 20.Nxg5 h6 21.Nf3
Nf4 22.Rfe1 Be6 23.Rbd1 a5 24.Nd4 Bd5 25.Bxd5 Rxd5 26.c4 Rg5 27.g3 Nxh3+ 
28.Kf1 Rd8 29.Ne2 Rxd1 30.Rxd1 Rf5 31.f4 Ng5 32.Rd8+ Kh7 33.Rd7 Ne4 34.
Rxb7 Nd2+ 35.Kf2 Nxc4 36.Nd4 Rf6 37.b3 Nd6 38.Ra7 g5 39.Kf3 c5 40.Ne2 Re6 
41.g4 h5 42.gxh5 g4+ 43.Kf2 Ne4+ 44.Kg2 Kh6 45.Rxa5 Rd6 46.Ra8 Rd2 47.Kf1 
g3 48.Rh8+ Kg7 49.Re8 Rxe2 50.Kxe2 g2 51.Rxe4 g1=Q 52.Ra4 Qc1 53.Kd3 f5 
54.Rc4 Qd1+ 55.Ke3 Kh6 56.Ra4 Kxh5 57.Rc4 Kg4 58.Ra4 Qc2 59.Ra7 Qc3+ 60.
Ke2 Kxf4 61.Ra4+ Kg3 0-1

[Event "11th Panam-ch (w)"]
[Site "Manzanillo MEX"]
[Date "2016.11.07"]
[Round "2.2"]
[White "Llaudy Pupo, Lisandra"]
[Black "Sanchez Matias, Nuria Angelica"]
[Result "1/2-1/2"]
[WhiteElo "2277"]
[BlackElo "1749"]
[EventDate "2016.11.06"]
[PlyCount "134"]

1.e4 c5 2.Nf3 e6 3.d4 cxd4 4.Nxd4 a6 5.Bd3 Nf6 6.Qe2 d5 7.e5 Nfd7 8.O-O 
Qc7 9.Re1 Nc5 10.Nd2 Nc6 11.N2f3 Be7 12.c3 Nxd3 13.Qxd3 Bd7 14.Bf4 h6 15.
h4 Nxd4 16.Qxd4 Qc4 17.Qd2 Rc8 18.h5 Bb5 19.Nd4 Qd3 20.Qc1 Ba4 21.Re3 Qh7 
22.Rg3 Bc5 23.Nf3 Bf8 24.b3 Bd7 25.Qd2 Qf5 26.Rh3 Bc5 27.b4 Ba7 28.Rg3 Rh7
29.Rh3 Qe4 30.Rh4 Qc4 31.Rc1 Bb5 32.Bxh6 Qe2 33.Be3 Bxe3 34.Qxe2 Bxe2 35.
fxe3 Ke7 36.Kf2 Bc4 37.a3 Bd3 38.Ke1 Be4 39.Kd2 Rhh8 40.Rf1 g6 41.h6 Bxf3 
42.Rxf3 Rc4 43.Rff4 b5 44.Rh1 g5 45.Rxc4 dxc4 46.Ke2 f6 47.exf6+ Kxf6 48.
Kf3 Kg6 49.Ke4 Kh7 50.Ke5 Rd8 51.e4 Rd3 52.Kxe6 Rxc3 53.g4 Rxa3 54.Kf6 a5 
55.bxa5 Rxa5 56.e5 b4 57.Kxg5 b3 58.Kf6 b2 59.g5 Ra1 60.g6+ Kh8 61.Kf7 
Ra7+ 62.Kf8 Ra8+ 63.Kf7 Ra7+ 64.Kf8 Ra8+ 65.Kf7 Ra7+ 66.Kf8 Ra8+ 67.Kf7 
Ra7+ 1/2-1/2

[Event "11th Panam-ch (w)"]
[Site "Manzanillo MEX"]
[Date "2016.11.07"]
[Round "2.3"]
[White "Lujan, Carolina"]
[Black "Zhou, Qiyu"]
[Result "1/2-1/2"]
[WhiteElo "2386"]
[BlackElo "2312"]
[EventDate "2016.11.06"]
[PlyCount "50"]

1.e4 e5 2.Nf3 Nc6 3.Bc4 Bc5 4.O-O d6 5.c3 Nf6 6.d3 O-O 7.a4 a6 8.Na3 Be6 
9.b4 Ba7 10.b5 axb5 11.Bxe6 fxe6 12.axb5 Ne7 13.Be3 Bxe3 14.fxe3 Qd7 15.
Qb3 h6 16.Nc4 b6 17.Rae1 Ng6 18.Qb1 Ra4 19.Qb3 Rfa8 20.h3 Qe8 21.Rf2 Nf8 
22.Nfd2 N8d7 23.d4 d5 24.Nb2 Ra3 25.Qc2 Qg6 1/2-1/2

[Event "11th Panam-ch (w)"]
[Site "Manzanillo MEX"]
[Date "2016.11.07"]
[Round "2.4"]
[White "Parkhurst Casas, Miriam"]
[Black "Nemcova, Katerina"]
[Result "1/2-1/2"]
[WhiteElo "2013"]
[BlackElo "2379"]
[EventDate "2016.11.06"]
[PlyCount "47"]

1.e4 e5 2.Nf3 Nc6 3.Bc4 Bc5 4.c3 Nf6 5.d3 a6 6.Bb3 Ba7 7.h3 h6 8.Nbd2 d5 
9.Qe2 dxe4 10.dxe4 Nh5 11.g3 Qe7 12.Nf1 Be6 13.Bc2 O-O-O 14.Be3 Bxe3 15.
Nxe3 Qc5 16.Nd2 g6 17.Bb3 Rhe8 18.Bxe6+ Rxe6 19.O-O Nf6 20.Rfd1 Qe7 21.
Ndc4 Qe8 22.Nd5 Nd7 23.b4 f5 24.a4 1/2-1/2

[Event "11th Panam-ch (w)"]
[Site "Manzanillo MEX"]
[Date "2016.11.07"]
[Round "2.5"]
[White "Arribas Robaina, Maritza"]
[Black "Roca Rojas, Ana Flavia"]
[Result "1/2-1/2"]
[WhiteElo "2334"]
[BlackElo "2218"]
[EventDate "2016.11.06"]
[PlyCount "89"]

1.e4 c5 2.Nf3 d6 3.Bb5+ Nd7 4.O-O a6 5.Be2 Ngf6 6.d3 g6 7.a4 b6 8.Nc3 Bb7 
9.Bf4 e5 10.Bg5 Bg7 11.Nd2 h6 12.Bh4 O-O 13.Nc4 Qc7 14.Ne3 Bc6 15.Bg4 g5 
16.Bg3 b5 17.a5 Nxg4 18.Qxg4 Nf6 19.Qf3 b4 20.Ncd1 Bd7 21.h4 g4 22.Qe2 Be6
23.f3 Qd7 24.fxg4 Bxg4 25.Qe1 Rae8 26.Nf5 Bxf5 27.Rxf5 d5 28.Qf2 Re6 29.
Qf3 dxe4 30.dxe4 Ne8 31.Bf2 Qc6 32.Ne3 Nd6 33.Nd5 Nxf5 34.exf5 e4 35.Qg4 
Qxd5 36.fxe6 fxe6 37.Rd1 Qf5 38.Qg3 Kh8 39.c3 bxc3 40.bxc3 c4 41.Rd7 Be5 
42.Qxe5+ Qxe5 43.Bd4 Rf5 44.Bxe5+ Rxe5 45.Kf2 1/2-1/2

[Event "11th Panam-ch (w)"]
[Site "Manzanillo MEX"]
[Date "2016.11.07"]
[Round "2.6"]
[White "Zarate Oyague, Flor de Maria"]
[Black "Amura, Claudia"]
[Result "1/2-1/2"]
[WhiteElo "1945"]
[BlackElo "2271"]
[EventDate "2016.11.06"]
[PlyCount "80"]

1.d4 d5 2.c4 e6 3.Nc3 c5 4.cxd5 exd5 5.Nf3 Nc6 6.g3 c4 7.Bg2 Bb4 8.O-O 
Nge7 9.e4 O-O 10.Qe2 Be6 11.Rd1 h6 12.a3 Ba5 13.exd5 Nxd5 14.Ne4 b5 15.Ne5
Rc8 16.a4 a6 17.axb5 axb5 18.g4 Bb6 19.Nxc6 Rxc6 20.g5 Bf5 21.gxh6 Rg6 22.
h7+ Kh8 23.Ng3 Bg4 24.f3 Be6 25.Kh1 Re8 26.Ne4 Bc7 27.Qf2 Nf4 28.Bxf4 Bxf4
29.d5 Bf5 30.Ra7 Rh6 31.Kg1 Bxh2+ 32.Kf1 Bc7 33.Ng5 Bg6 34.Rb7 Qc8 35.Qa7 
Bg3 36.Nxf7+ Bxf7 37.Rxf7 Qd8 38.Rxg7 Be5 39.Rg4 Rxh7 40.Qa6 Qb8 1/2-1/2

[Event "11th Panam-ch (w)"]
[Site "Manzanillo MEX"]
[Date "2016.11.07"]
[Round "2.7"]
[White "Frometa Castillo, Zirka"]
[Black "Martinez, Ayelen"]
[Result "0-1"]
[WhiteElo "2123"]
[BlackElo "2238"]
[EventDate "2016.11.06"]
[PlyCount "90"]

1.d4 g6 2.e4 Bg7 3.Nf3 c5 4.c3 Qb6 5.dxc5 Qxc5 6.Be3 Qc7 7.Bd3 Nf6 8.h3 
Nc6 9.O-O O-O 10.c4 Nb4 11.Nc3 Nxd3 12.Qxd3 d6 13.Rab1 Bd7 14.Bd4 e6 15.
Rfd1 Rfd8 16.Rbc1 Bc6 17.b4 Qe7 18.b5 Be8 19.Qe3 b6 20.Ne2 e5 21.Bc3 Qb7 
22.Nd2 a6 23.a4 a5 24.Bb2 Bd7 25.Nc3 Be6 26.Ba3 Ne8 27.Nd5 Rab8 28.g4 f5 
29.f3 h5 30.exf5 gxf5 31.gxf5 Bxf5 32.Kh2 Nf6 33.Nxf6+ Bxf6 34.Qh6 Kf7 35.
Ne4 Bxe4 36.fxe4 Qxe4 37.Qxh5+ Ke6 38.Rc3 Rb7 39.Rcd3 Rbd7 40.Qf3 Qxf3 41.
Rxf3 e4 42.Re3 Be5+ 43.Kh1 Rf7 44.c5 Rg8 45.cxd6 Rf2 0-1

[Event "11th Panam-ch (w)"]
[Site "Manzanillo MEX"]
[Date "2016.11.07"]
[Round "2.8"]
[White "Hernandez Moya, Yuleisy"]
[Black "Heredia Serrano, Carla"]
[Result "1/2-1/2"]
[WhiteElo "2232"]
[BlackElo "2103"]
[EventDate "2016.11.06"]
[PlyCount "109"]

1.e4 c6 2.d4 d5 3.e5 Bf5 4.Nf3 e6 5.Be2 Ne7 6.c3 Nd7 7.O-O Bg6 8.Nh4 c5 9.
f4 Nc6 10.Nf3 Qb6 11.Kh1 Be7 12.Na3 cxd4 13.cxd4 a6 14.Qb3 Qxb3 15.axb3 
O-O 16.Be3 Rac8 17.Rac1 Nb4 18.Ne1 Nb8 19.g4 Be4+ 20.Bf3 Rxc1 21.Bxc1 
Bxf3+ 22.Rxf3 N8c6 23.Be3 Rc8 24.f5 Bd8 25.Rf2 Na5 26.Bd2 Be7 27.Rf3 b5 
28.Kg2 Kf8 29.fxe6 Kg8 30.Rxf7 Nxb3 31.Rxe7 Nxd2 32.Rd7 Re8 33.Nac2 Nxc2 
34.Nxc2 Rxe6 35.Rxd5 Nc4 36.b3 Nd2 37.b4 Nc4 38.Kf3 Rh6 39.Kg3 Rc6 40.Rd8+
Kf7 41.d5 Rc7 42.d6 Nxd6 43.exd6 Rxc2 44.Ra8 Rc3+ 45.Kf4 Ke6 46.Rxa6 Rc4+ 
47.Kg5 h6+ 48.Kh4 Rxb4 49.d7+ Kxd7 50.Ra7+ Ke6 51.Rxg7 Kf6 52.Rb7 Rb3 53.
Rb6+ Kg7 54.Rb7+ Kg6 55.Rb6+ 1/2-1/2

[Event "11th Panam-ch (w)"]
[Site "Manzanillo MEX"]
[Date "2016.11.07"]
[Round "2.9"]
[White "Eswaran, Ashritha"]
[Black "Nejanky, Maisa"]
[Result "1-0"]
[WhiteElo "2134"]
[BlackElo "2073"]
[EventDate "2016.11.06"]
[PlyCount "77"]

1.e4 c5 2.Nf3 d6 3.d4 cxd4 4.Nxd4 Nf6 5.Nc3 Nc6 6.Bg5 e6 7.Qd2 a6 8.O-O-O 
Bd7 9.f3 h6 10.Be3 Be7 11.g4 Nh7 12.Nb3 b5 13.f4 Nf6 14.Qg2 b4 15.Ne2 d5 
16.e5 Ne4 17.Ned4 a5 18.Bd3 Nxd4 19.Nxd4 Nc5 20.f5 Bg5 21.Bxg5 Qxg5+ 22.
Kb1 O-O 23.Qf3 Nxd3 24.Rxd3 exf5 25.gxf5 Rae8 26.h4 Qd8 27.Qg3 Kh8 28.Rg1 
Rg8 29.Qf4 Kh7 30.e6 fxe6 31.fxe6 Bc8 32.Re3 Qf6 33.Qg4 Re7 34.Rge1 Qg6 
35.Qf3 Rd8 36.Nc6 Rde8 37.Nxe7 Rxe7 38.Qxd5 Rc7 39.Qd3 1-0

[Event "11th Panam-ch (w)"]
[Site "Manzanillo MEX"]
[Date "2016.11.07"]
[Round "2.10"]
[White "Fuentes Godoy, Lilia Ivonne"]
[Black "Besso, Guadalupe"]
[Result "1/2-1/2"]
[WhiteElo "2099"]
[BlackElo "1987"]
[EventDate "2016.11.06"]
[PlyCount "119"]

1.d4 Nf6 2.c4 g6 3.Nc3 d5 4.cxd5 Nxd5 5.e4 Nxc3 6.bxc3 Bg7 7.Qa4+ Nd7 8.
Nf3 O-O 9.Be3 c5 10.Rc1 Qc7 11.Be2 b6 12.O-O Bb7 13.d5 h6 14.Rfd1 a6 15.c4
Rad8 16.g3 e5 17.Nh4 Nf6 18.Qc2 Bc8 19.Rb1 Rd6 20.Bc1 Kh7 21.f4 Ne8 22.
fxe5 Bxe5 23.Nf3 Bg7 24.Bf4 Bg4 25.Bxd6 Nxd6 26.Rf1 Bh3 27.Rfe1 Re8 28.Bd3
Bg4 29.Rf1 b5 30.Nd2 Bd4+ 31.Kh1 Qe7 32.a4 f5 33.e5 Qxe5 34.axb5 Qe3 35.
Kg2 Qg5 36.Rfe1 axb5 37.Rxe8 Nxe8 38.Re1 Nd6 39.cxb5 f4 40.h4 Qxd5+ 41.Be4
Qe6 42.Nf3 Bxf3+ 43.Kxf3 Nxb5 44.Qb1 h5 45.Kg2 Nd6 46.Bxg6+ Qxg6 47.Re7+ 
Kh6 48.Qxg6+ Kxg6 49.Re6+ Kf5 50.Rxd6 fxg3 51.Kh3 Kf4 52.Rd8 Bf2 53.Rf8+ 
Ke3 54.Rf5 c4 55.Rxh5 c3 56.Rc5 Kd2 57.Rc6 c2 58.h5 c1=Q 59.Rxc1 Kxc1 60.
Kg2 1/2-1/2

[Event "11th Panam-ch (w)"]
[Site "Manzanillo MEX"]
[Date "2016.11.07"]
[Round "3.1"]
[White "Cori Tello, Deysi"]
[Black "Llaudy Pupo, Lisandra"]
[Result "1-0"]
[WhiteElo "2399"]
[BlackElo "2277"]
[EventDate "2016.11.06"]
[PlyCount "135"]

1.d4 Nf6 2.Nf3 e6 3.e3 b6 4.Bd3 Bb7 5.O-O Be7 6.c4 c5 7.Nc3 O-O 8.d5 exd5 
9.cxd5 d6 10.e4 Nbd7 11.h3 Re8 12.Re1 a6 13.a4 Bf8 14.Bf4 Qc7 15.Rc1 g6 
16.b3 Bg7 17.Nb1 Nh5 18.Be3 Ne5 19.Nxe5 Bxe5 20.Nd2 Bb2 21.Nc4 Bg7 22.g4 
Nf6 23.Bf4 Bf8 24.Bg3 b5 25.Na3 Qb6 26.Qd2 Nd7 27.Bf1 Ne5 28.Bg2 Bg7 29.
Kh2 Rac8 30.f4 Nd7 31.g5 c4 32.bxc4 b4 33.Rb1 Bc3 34.Qe2 Qa5 35.Nc2 Qxa4 
36.Ne3 a5 37.e5 dxe5 38.f5 Ba6 39.Rf1 Rf8 40.d6 Bd4 41.Nd5 Bxc4 42.Ne7+ 
Kh8 43.Qe4 Bxf1 44.Rxf1 Rc4 45.Kh1 Qc2 46.Qh4 h5 47.Be4 Bc5 48.Bxc2 Rxh4 
49.Bxh4 Bxd6 50.f6 Nc5 51.Rd1 Bc7 52.Bf2 Ne6 53.Bb3 Nxg5 54.Be3 Ne4 55.Rd7
Bd8 56.Bh6 Nxf6 57.Nxg6+ Kg8 58.Nxf8 Nxd7 59.Nxd7 Bc7 60.Nf6+ Kh8 61.Kg2 
Bd8 62.Bg5 Bb6 63.Kf3 Kg7 64.h4 Bd4 65.Ke4 Bc3 66.Nxh5+ Kg6 67.Nf6 Bb2 68.
Bc2 1-0

[Event "11th Panam-ch (w)"]
[Site "Manzanillo MEX"]
[Date "2016.11.07"]
[Round "3.2"]
[White "Sanchez Matias, Nuria Angelica"]
[Black "Zhou, Qiyu"]
[Result "0-1"]
[WhiteElo "1749"]
[BlackElo "2312"]
[EventDate "2016.11.06"]
[PlyCount "66"]

1.e4 c5 2.Nf3 d6 3.d4 cxd4 4.Nxd4 Nf6 5.Nc3 Nc6 6.Bg5 e6 7.Qd2 a6 8.O-O-O 
Bd7 9.f4 b5 10.Re1 Be7 11.Nxc6 Bxc6 12.Bd3 h6 13.Bh4 b4 14.Nb1 a5 15.Rhf1 
O-O 16.e5 dxe5 17.Rxe5 Bd5 18.Qd1 Bxa2 19.g4 Nd7 20.Bxe7 Qxe7 21.Rh5 Nc5 
22.g5 Rac8 23.Qf3 Nxd3+ 24.Qxd3 Bc4 25.Qh3 Bxf1 26.Qxf1 Qc5 27.c3 Qe3+ 28.
Kc2 Qe4+ 29.Kc1 bxc3 30.Nxc3 Rxc3+ 31.bxc3 Rb8 32.Qh3 Rb1+ 33.Kd2 Rb2+ 0-1

[Event "11th Panam-ch (w)"]
[Site "Manzanillo MEX"]
[Date "2016.11.07"]
[Round "3.3"]
[White "Martinez, Ayelen"]
[Black "Arribas Robaina, Maritza"]
[Result "1/2-1/2"]
[WhiteElo "2238"]
[BlackElo "2334"]
[EventDate "2016.11.06"]
[PlyCount "76"]

1.e4 e6 2.d4 d5 3.Nc3 Bb4 4.e5 c5 5.a3 Bxc3+ 6.bxc3 Qc7 7.Qg4 f5 8.Qg3 Nc6
9.Nf3 cxd4 10.cxd4 Nge7 11.Bd2 O-O 12.Bd3 Bd7 13.O-O Be8 14.c3 Rc8 15.Qh3 
Qd7 16.Kh1 Bg6 17.Rg1 Na5 18.Rab1 Nc4 19.Bc1 Rc6 20.Nh4 b6 21.Ra1 Rc7 22.
Ra2 Na5 23.Rc2 Qc8 24.Bg5 Rf7 25.Bxe7 Rfxe7 26.Nxg6 hxg6 27.g4 Nc6 28.gxf5
gxf5 29.Rg5 Nd8 30.f4 Nf7 31.Rxg7+ Kxg7 32.Rg2+ Kf8 33.Qh7 Re8 34.Bb5 Ke7 
35.Rg7 Kd8 36.Bxe8 Qa6 37.Bxf7 Qf1+ 38.Rg1 Qf3+ 1/2-1/2

[Event "11th Panam-ch (w)"]
[Site "Manzanillo MEX"]
[Date "2016.11.07"]
[Round "3.4"]
[White "Heredia Serrano, Carla"]
[Black "Lujan, Carolina"]
[Result "0-1"]
[WhiteElo "2103"]
[BlackElo "2386"]
[EventDate "2016.11.06"]
[PlyCount "182"]

1.e4 d6 2.d4 Nf6 3.Nc3 g6 4.Nf3 Bg7 5.h3 c6 6.a4 O-O 7.Be3 Qc7 8.Be2 Nbd7 
9.Nd2 e5 10.dxe5 Nxe5 11.f4 Ned7 12.O-O b6 13.Bf3 Ba6 14.Re1 Rfe8 15.b4 
Bb7 16.Ra3 a6 17.Bf2 b5 18.axb5 axb5 19.Rxa8 Rxa8 20.Nb3 Re8 21.Qd3 Nb6 
22.Na5 Ba8 23.Rd1 Nfd7 24.Qxd6 Qxd6 25.Rxd6 Bxc3 26.Nxc6 Bxc6 27.Rxc6 Rc8 
28.Rxc8+ Nxc8 29.e5 Bxb4 30.Bc6 Nf8 31.Bxb5 Ne6 32.g3 Bc3 33.Kf1 Ne7 34.
Ke2 Nd4+ 35.Bxd4 Bxd4 36.Kf3 Bc3 37.g4 g5 38.fxg5 Ng6 39.Ke4 Nxe5 40.Be2 
Ng6 41.Bf1 Kf8 42.Kd3 Bb4 43.c4 Ke7 44.Kd4 Kd6 45.Bd3 Bc5+ 46.Ke4 Ke6 47.
Bc2 Be7 48.Bb3 Bxg5 49.c5+ Ke7 50.Kf5 f6 51.Bg8 Nf8 52.Ke4 h6 53.Kf5 Nd7 
54.Kg6 Nxc5 55.h4 Bd2 56.Kf5 Nb7 57.Bd5 Nd6+ 58.Kg6 Ne8 59.Kf5 Nd6+ 60.Kg6
Nc8 61.Kf5 Nb6 62.Be6 Na4 63.Bc4 Nc5 64.Bd5 Nd7 65.Bb3 Bc1 66.Bd1 Kf7 67.
Bb3+ Kg7 68.Bd1 Bd2 69.Be2 Ne5 70.h5 Kf7 71.Bd1 Ke7 72.Bb3 Bg5 73.Bd1 Kd6 
74.Ke4 Nc4 75.Be2 Kc5 76.Bd1 Nd6+ 77.Kf3 Kd4 78.Bc2 Nc4 79.Bf5 Ne5+ 80.Ke2
Nc6 81.Kf3 Ke5 82.Bc8 Nd4+ 83.Kg3 Ke4 84.Ba6 Bd2 85.Bb7+ Ke3 86.Bc8 Be1+ 
87.Kg2 Kf4 88.Bd7 Nc2 89.Kh3 Ne3 90.Be6 Bg3 91.Bd7 Nd1 0-1

[Event "11th Panam-ch (w)"]
[Site "Manzanillo MEX"]
[Date "2016.11.07"]
[Round "3.5"]
[White "Nemcova, Katerina"]
[Black "Zarate Oyague, Flor de Maria"]
[Result "1/2-1/2"]
[WhiteElo "2379"]
[BlackElo "1945"]
[EventDate "2016.11.06"]
[PlyCount "133"]

1.e4 c5 2.Nf3 d6 3.Bb5+ Nd7 4.d4 e6 5.c4 a6 6.Ba4 cxd4 7.Qxd4 Qc7 8.Nc3 
Nf6 9.O-O Be7 10.Bg5 O-O 11.Bxd7 Bxd7 12.Rfd1 Bc6 13.Rac1 Qa5 14.Qd2 h6 
15.Bxf6 Bxf6 16.Nd4 Qh5 17.Qe3 Rad8 18.Nce2 Qe5 19.Nxc6 bxc6 20.b3 d5 21.
exd5 Qxe3 22.fxe3 Bg5 23.Kf2 exd5 24.cxd5 cxd5 25.Rc3 Rfe8 26.g3 Re4 27.h4
Bf6 28.Rcd3 Rde8 29.Nc3 Bxc3 30.Rxc3 R4e5 31.Rdd3 g6 32.Rc5 Rd8 33.a4 Rb8 
34.Ra5 Rb6 35.Raxd5 Rxd5 36.Rxd5 Rxb3 37.Rd6 Ra3 38.Rxa6 Kg7 39.Kf3 Ra1 
40.a5 Rf1+ 41.Ke4 Rg1 42.Kf3 Rf1+ 43.Ke2 Rg1 44.Kf2 Ra1 45.e4 Ra3 46.Ra8 
Kf6 47.a6 Ke5 48.a7 Kf6 49.g4 Kg7 50.Ke2 Kf6 51.Kd2 Kg7 52.Kc2 Kh7 53.Kb2 
Ra6 54.Kc3 Kg7 55.Kc4 Ra5 56.Kb4 Ra1 57.Kb5 Rb1+ 58.Kc6 Rc1+ 59.Kd7 Rd1+ 
60.Ke7 Ra1 61.h5 gxh5 62.gxh5 Ra2 63.e5 Ra1 64.e6 fxe6 65.Kxe6 Re1+ 66.Kf5
Rf1+ 67.Ke4 1/2-1/2

[Event "11th Panam-ch (w)"]
[Site "Manzanillo MEX"]
[Date "2016.11.07"]
[Round "3.6"]
[White "Amura, Claudia"]
[Black "Eswaran, Ashritha"]
[Result "1/2-1/2"]
[WhiteElo "2271"]
[BlackElo "2134"]
[EventDate "2016.11.06"]
[PlyCount "54"]

1.d4 Nf6 2.Bg5 d5 3.Bxf6 exf6 4.e3 Bd6 5.Bd3 Be6 6.Nd2 Nd7 7.Qf3 c6 8.Ne2 
Qe7 9.g4 O-O-O 10.a3 g6 11.Nf4 Nb6 12.Nxe6 fxe6 13.c4 dxc4 14.Nxc4 e5 15.
Nxd6+ Rxd6 16.O-O-O Qd8 17.Rhe1 exd4 18.exd4 Rxd4 19.Re6 Qd5 20.Qxd5 Nxd5 
21.Rxc6+ Kb8 22.Rd6 Kc7 23.Rd7+ Kxd7 24.Bb5+ Kd6 25.Rxd4 Ke5 26.Ra4 a6 27.
Bd3 f5 1/2-1/2